01311cam a22003377a 4500003000500000005001700005008004100022010001000063011001000073035001000083040000900093090001000102100003300112245004200145260004000187300001900227502009800246590003700344590004100381590004100422590004100463590004200504650006000546901000700606942000900613949003500622949004000657999001700697952013200714952012700846CHAP20220329133741.0971013s1949 r 00010 d a10323 a11295 a10533 cCHAP aTesis00aAcosta Moctezuma, Juan.967513aEl Distrito de Riego Alto Río Lerma aChapingo, Méx. :bEl autor,c1949 a93 h.b: ilus. aTesis (Ing. Agr. Esp. en Economía Agrícola) -- ENA. Departamento de Economía Agrícola aALEPHb10c20130110lUCH01h1227 aBATCH-UPDb10c20130110lUCH01h2256 aBATCH-UPDb10c20130410lUCH01h1549 aBATCH-UPDb10c20130914lUCH01h1737 aCONVERSIONb10c20130109lUCH01h130714aDistrito de Riego Alto Río Lerma, Gto. y Mich.932841 aBK cFOLL bBCcTESd-22194eTS1i10533si bBCcTESd-22195eTS2fc.2i10533si c10323d10323 00102local4053708TESISaBCbBCcPA_TESISd2012-12-17fTESISl0oTesisp-22195r2019-12-31 00:00:00tc.2w2019-12-31yTESIS 00102local4051708TESISaBCbBCcPA_TESISd2012-12-17fTESISl0oTesisp-22194r2019-12-31 00:00:00w2019-12-31yTESIS